000 00686nam a2200205Ia 4500
005 20260121110227.0
008 008 260114s9999 xx 000 0 hin d
020 _a9788132366454
037 _aEBOOK
040 _aCRL
_bhin
_cCRL
041 _ahin
_2hin
084 _qCRL
100 _aशिवम चोपड़ा / Shivam Chopra
_9943590
245 0 _aसर्वाधुनिक सरकार के सिद्धांत / Sarvadhunik Sarkar Ke Siddhant
260 _bभाषा प्रकाशन / Bhasha Prakashan
_c2021
856 _uhttps://bhashaprakashan.com/product-details/379502
942 _cEBOOK
999 _c1535255
_d1535255